|
|
|
|
| LEADER |
00000nam a2200000 a 4500 |
| 001 |
vtls001561010 |
| 003 |
SK-MaSNL |
| 005 |
20260302073953.0 |
| 008 |
171201s2004 rm o g he 000 0crum |
| 020 |
|
|
|a 9736370704
|
| 020 |
|
|
|a 9736370712
|
| 040 |
|
|
|a SNK
|b slo
|c SNK
|e AACR2
|
| 043 |
|
|
|a e-rm---
|
| 072 |
|
7 |
|a 821.13.09
|x Románske literatúry (o nich)
|2 konspekt
|
| 080 |
|
|
|a 821.135.1(091)
|2 MDT-MRF
|
| 080 |
|
|
|a (031)
|2 MDT-MRF
|
| 080 |
|
|
|a (048.8)
|2 MDT-MRF
|
| 245 |
0 |
0 |
|a Dicţionarul general al literaturii române
|n [Vol. I], A-B
|c [coordonator general Eugen Simion]
|
| 260 |
|
|
|a Bucureşti
|b Univers Enciclopedic
|c 2004
|
| 300 |
|
|
|a xlviii, 732 s.
|b fotogr.
|c 27 cm
|
| 650 |
0 |
7 |
|a rumunská literatúra
|2 SNKPH
|9 1203
|
| 650 |
0 |
7 |
|a dejiny rumunskej literatúry
|2 SNKPH
|9 74230
|
| 655 |
|
7 |
|a prehľady
|2 SNKPH
|9 70194
|
| 655 |
|
7 |
|a encyklopédie
|2 SNKPH
|9 28776
|
| 700 |
1 |
|
|a Simion, Eugen
|4 aut
|4 pbd
|9 323994
|
| 710 |
2 |
|
|a Academia Română
|4 pbd
|9 73834
|
| 919 |
|
|
|a 973-637-070-4
|
| 919 |
|
|
|a 973-637-071-2
|
| 999 |
|
|
|c 1163086
|d 1165016
|
| 952 |
|
|
|t snkDIC/1 859.0(031)
|a SNKUST
|b SNKUST
|y PREZ
|7 0
|p 17A0465673
|o snkIB 70866/1
|i snk2005/7477
|8 2
|g 30.24
|0 0
|1 0
|4 0
|d 2005-04-21
|l 0
|r 2025-04-29 00:00:00
|w 2026-02-24
|